Statistics for business / (Record no. 7168)

MARC details
000 -LEADER
fixed length control field 00940cam a2200313Ma 4500
001 - CONTROL NUMBER
control field ocn773368340
003 - CONTROL NUMBER IDENTIFIER
control field OCoLC
005 - DATE AND TIME OF LATEST TRANSACTION
control field 20241015065917.0
008 - FIXED-LENGTH DATA ELEMENTS--GENERAL INFORMATION
fixed length control field 120111s2011 enk 000 0 eng d
016 7# - NATIONAL BIBLIOGRAPHIC AGENCY CONTROL NUMBER
Record control number 015996938
Source Uk
020 ## - INTERNATIONAL STANDARD BOOK NUMBER
International Standard Book Number 9781408269800 (pbk)
020 ## - INTERNATIONAL STANDARD BOOK NUMBER
International Standard Book Number 1408269805
035 ## - SYSTEM CONTROL NUMBER
System control number (OCoLC)773368340
040 ## - CATALOGING SOURCE
Original cataloging agency NLE
Transcribing agency NLE
Modifying agency UKMGB
-- OCLCQ
-- MEAUC
049 ## - LOCAL HOLDINGS (OCLC)
Holding library MAIN
050 #4 - LIBRARY OF CONGRESS CALL NUMBER
Classification number QA276.12
Item number .B45 2011
082 ## - DEWEY DECIMAL CLASSIFICATION NUMBER
Edition number 519.5 B45 2011
090 ## - LOCALLY ASSIGNED LC-TYPE CALL NUMBER (OCLC); LOCAL CALL NUMBER (RLIN)
Classification number (OCLC) (R) ; Classification number, CALL (RLIN) (NR) QA276.12
Local cutter number (OCLC) ; Book number/undivided call number, CALL (RLIN) .B45 2011
100 1# - MAIN ENTRY--PERSONAL NAME
Personal name Benghezal, Farouk.
245 10 - TITLE STATEMENT
Title Statistics for business /
Statement of responsibility, etc. Farouk Benghezal.
250 ## - EDITION STATEMENT
Edition statement Arab world ed.
260 ## - PUBLICATION, DISTRIBUTION, ETC.
Place of publication, distribution, etc. Harlow, England :
Name of publisher, distributor, etc. Pearson Educational,
Date of publication, distribution, etc. 2011.
300 ## - PHYSICAL DESCRIPTION
Extent xv, 679, [72] p. :
Other physical details col. ill. ;
Dimensions 28 cm.
Accompanying material 1 CD-ROM.
504 ## - BIBLIOGRAPHY, ETC. NOTE
Bibliography, etc. note Includes bibliographical references and index.
650 #0 - SUBJECT ADDED ENTRY--TOPICAL TERM
Topical term or geographic name entry element Statistics.
650 #0 - SUBJECT ADDED ENTRY--TOPICAL TERM
Topical term or geographic name entry element Commercial statistics.
650 #0 - SUBJECT ADDED ENTRY--TOPICAL TERM
Topical term or geographic name entry element Economics
General subdivision Statistical medthods.
942 ## - ADDED ENTRY ELEMENTS (KOHA)
Source of classification or shelving scheme Dewey Decimal Classification
Koha item type English Book
Suppress in OPAC No
Holdings
Withdrawn status Lost status Source of classification or shelving scheme Damaged status Not for loan Home library Current library Date acquired Total Checkouts Full call number Date last seen Price effective from Koha item type
    Dewey Decimal Classification     CENTRAL CENTRAL 10/15/2024   519.5 B45 2011 10/15/2024 10/15/2024 English Book